000 01296ngm a22003730a 4500
001 PT28289
003 AR-LpoUNG
005 20210202000415.0
007 vd cvaizq
008 191001s2004||||ag |||||||||||||||||spa d
040 _aAR-LpoUNG
_bspa
_cAR-LpoUNG
_eaacr
041 _aspa
044 _aag
082 0 _a982.063 773tre
100 1 _aArruti, Mariana
_edir.
245 1 0 _aTrelew
260 _aBuenos Aires :
_bPágina 12,
_c2004.
300 _aDVD (98 min.) : son., col.
520 _aAgosto de 1972. Cárcel de máxima seguridad de Rawson. Patagonia Argentina. El plan de fuga de más de un centenar de presos políticos bajo la dictadura militar se pone en marcha. Algunos logran alcanzar el cercano aeropuerto de Trelew, su puerta de escape hacia el Chile socialista. El resto correrá distinta suerte. Trelew es un punto de quiebre, presagio de lo que vendrá en un país que ya no será el mismo.
650 4 _aANALISIS HISTORICO
650 4 _aARGENTINA
650 4 _aDERECHOS HUMANOS
650 4 _aGOBIERNO MILITAR
650 4 _aHISTORIA
650 4 _aHISTORIA POLITICA
650 4 _aHISTORIA SOCIAL
651 4 _aArgentina
653 _aCINE ARGENTINO
653 _aDVD
653 _aREPRESION
653 _aVIDEOS
905 _a28289
942 _cDVD
999 _c54804
_d54804